Normal view
MARC view
- MICROELECTRONICS PACKAGING-HANDBOOK,MANUALS
Entry Topical Term
001 - CONTROL NUMBER
- control field: 60151
003 - CONTROL NUMBER IDENTIFIER
- control field: NUST
005 - DATE AND TIME OF LATEST TRANSACTION
- control field: 20210628202507.0
008 - FIXED-LENGTH DATA ELEMENTS
- fixed length control field: 210628|| aca||aabn | a|a d
040 ## - CATALOGING SOURCE
- Original cataloging agency: NUST
- Transcribing agency: NUST
150 ## - HEADING--TOPICAL TERM
- Topical term or geographic name entry element: MICROELECTRONICS PACKAGING-HANDBOOK,MANUALS
670 ## - SOURCE DATA FOUND
- Source citation: Work cat.: (NUST): Rymeszewski, E.J Tummala, Rao R 60150, Microelectronics packaging handbook, 1988
